000
00214 a2200097 4500
001
41021
100
_a
S Gul Hassan
245
_a
Tazkira-e-Ghausia
260
_a
Lahore
_b
Noori Book Depot
_c
090
_c
25255
_d
25255
942
_a
NUST-CAE
_c
M
_c
16953
999
_c
276094
_d
276094